Project management

محفوظ في:
التفاصيل البيبلوغرافية
التنسيق: كتاب
اللغة:Undetermined
منشور في: New York McGraw-Hill 1999
الوسوم: إضافة وسم
لا توجد وسوم, كن أول من يضع وسما على هذه التسجيلة!
Thư viện lưu trữ: Trung tâm Học liệu Trường Đại học Cần Thơ
LEADER 00379nam a2200145Ia 4500
001 CTU_156185
008 210402s9999 xx 000 0 und d
020 |c 299000 
082 |a 658.404/C623 
245 0 |a Project management 
245 0 |c David I. Cleland 
260 |a New York 
260 |b McGraw-Hill 
260 |c 1999 
980 |a Trung tâm Học liệu Trường Đại học Cần Thơ